| 000 | 00416nam a2200181Ia 4500 | ||
|---|---|---|---|
| 003 | OSt | ||
| 005 | 20230405101149.0 | ||
| 008 | 210210b1936 xxu||||| |||| 00| 0 eng d | ||
| 040 | _cAL | ||
| 041 | _aMalayalam | ||
| 082 | _a872/124 | ||
| 100 |
_a- _983041 |
||
| 245 |
_aKairali Vol I _bകൈരളി -വോൾ -൧ |
||
| 260 |
_b- _c1936 |
||
| 690 |
_aMalayalam _983042 |
||
| 906 | _a002518 | ||
| 942 |
_2ddc _cBK |
||
| 999 |
_c124489 _d124489 |
||